Strategies for quality improvement : TQM, reengineering, and ISO 9000

Αποθηκεύτηκε σε:
Λεπτομέρειες βιβλιογραφικής εγγραφής
Κύριος συγγραφέας: Costin, Harry Ivan
Μορφή: Βιβλίο
Γλώσσα:English
Δημοσίευση: Fort Worth : Dryden Press, c1999
Έκδοση:2nd ed.
Θέματα:
Ετικέτες: Προσθήκη ετικέτας
Δεν υπάρχουν, Καταχωρήστε ετικέτα πρώτοι!

MARC

LEADER 00000cam a2200000 i 4500
001 1/16316
008 010125s1999 eng d
020 |a 0-03-024611-3 
035 |l 10065730 
040 |a GR-MY-UA  |b gre  |e aacr 
041 0 |a eng 
082 0 |a 658.4013 
100 1 |a Costin, Harry Ivan. 
245 1 0 |a Strategies for quality improvement :  |b TQM, reengineering, and ISO 9000 /  |c Harry Ivan Costin 
250 |a 2nd ed. 
260 |a Fort Worth :   |b Dryden Press,   |c c1999 
300 |a xxiii, 665 p. 
504 |a Includes bibliography and index 
650 0 0 |a Total quality management. 
650 0 0 |a Quality control. 
852 |a INST  |b CHIOS  |e 20010125  |h 658.4013 COS  |p 005200021475  |q 005200021475  |t BK  |y 0 
901 |a BIBL2-2001-1 
909 |a Χ  |b 083109 
970 |a ΣΠΕΝΤΖΑ  |b ΕΛΕΝΗ  |z 2001/01/25